[Event "Ruhrgebiet Verbandsliga Gruppe 1 1718"]
[Site "Germany"]
[Date "2018.01.14"]
[Round "5.1"]
[White "Roth, Markus"]
[Black "Watzlawek, Markus"]
[Result "0-1"]
[WhiteElo "2143"]
[BlackElo "2073"]
[PlyCount "98"]
[EventDate "2017.09.17"]
[EventType "team-tourn"]
[EventRounds "9"]
[EventCountry "GER"]
[SourceTitle "EXT 2022"]
[Source "ChessBase"]
[SourceDate "2021.10.06"]
[SourceVersion "1"]
[SourceVersionDate "2021.10.06"]
[SourceQuality "1"]
[WhiteTeam "Essen Werden"]
[BlackTeam "Eichlinghofen SV"]
[WhiteTeamCountry "GER"]
[BlackTeamCountry "GER"]

1. Nf3 f5 2. g3 Nf6 3. Bg2 g6 4. 0-0 Bg7 5. d4 0-0 6. c4 d6 7. Nc3 Qe8 8. Re1 Qf7 9. e4 fxe4 10. Nxe4 h6 11. h3 Nxe4 12. Rxe4 Bf5 13. Re2 Nc6 14. d5 Nb4 15. Be3 Bd3 16. Rd2 Bxc4 17. Nh2 c6 18. Ng4 Kh7 19. dxc6 bxc6 20. Qa4 a5 21. Bxc6 Nxc6 22. Qxc6 Bxa2 23. Re1 Rac8 24. Qa4 Bd5 25. Bxh6 Rc4 26. Qd1 Bf3 27. Qa1 Bxh6 28. Nxh6 Kxh6 29. Qxa5 Kh7 30. Qg5 Rc7 31. Rd4 Qf6 32. Rh4+ Kg8 33. Qe3 Ba8 34. Rf4 Qg7 35. Qb3+ d5 36. Ra4 Bb7 37. Rb4 Bc6 38. Rb6 Qf7 39. Qc2 Rfc8 40. Qd3 e6 41. Rb4 Rf8 42. Qe3 Re7 43. Rg4 Be8 44. Rg5 Qf3 45. Qd4 Qf6 46. Qd2 Rb7 47. Ree5 Rb4 48. h4 Rg4 49. Rxg4 Qxe5 0-1

[Event "Ruhrgebiet Verbandsliga Gruppe 1 1617"]
[Site "Germany"]
[Date "2016.09.25"]
[Round "2.1"]
[White "Watzlawek, Markus"]
[Black "Quast, Marcel"]
[Result "0-1"]
[WhiteElo "2044"]
[BlackElo "2229"]
[PlyCount "170"]
[EventDate "2016.09.04"]
[EventType "team-tourn"]
[EventRounds "9"]
[EventCountry "GER"]
[SourceTitle "EXT 2022"]
[Source "ChessBase"]
[SourceDate "2021.10.06"]
[SourceVersion "1"]
[SourceVersionDate "2021.10.06"]
[SourceQuality "1"]
[WhiteTeam "Eichlinghofen SV"]
[BlackTeam "Gerthe Werne"]
[WhiteTeamCountry "GER"]
[BlackTeamCountry "GER"]

1. d4 e6 2. c4 b6 3. Nf3 Nf6 4. g3 Ba6 5. b3 b5 6. Bg2 bxc4 7. Ne5 Bb4+ 8. Bd2 cxb3 9. axb3 Bxd2+ 10. Qxd2 d5 11. 0-0 Nfd7 12. Nxd7 Qxd7 13. Rc1 0-0 14. Nc3 c6 15. Ra2 Qb7 16. Na4 Nd7 17. Qc2 Rfc8 18. e4 Qb4 19. Qc3 Qxc3 20. Rxc3 Bb5 21. Nc5 Nxc5 22. Rxc5 Rcb8 23. Ra3 a5 24. e5 Kf8 25. Bf3 Ke7 26. h4 Kd7 27. Bd1 Ra7 28. Bc2 g6 29. f4 Rba8 30. Kf2 a4 31. b4 h5 32. Ke3 Rb8 33. Kd2 Rba8 34. Kc3 Bc4 35. Bd1 Bb3 36. Bxb3 axb3 37. Rca5 Rxa5 38. bxa5 c5 39. dxc5 Kc6 40. Kxb3 Kxc5 41. Ka4 d4 42. Kb3 Rc8 43. Ra1 Kb5 44. a6 d3 45. a7 d2 46. Rd1 Ra8 47. Rxd2 Rxa7 48. Rd3 Kc5 49. Kc3 Ra2 50. Rd7 Ra3+ 51. Kd2 Rxg3 52. Rxf7 Kd4 53. Ke2 Ke4 54. Rf6 Rg2+ 55. Kf1 Rg4 56. Rxe6 Kxf4 57. Kf2 Kf5 58. Re8 Rxh4 59. e6 Re4 60. e7 Kf6 61. Rf8+ Kxe7 62. Rf3 Ke6 63. Kg3 Re5 64. Kh4 Rf5 65. Ra3 Kf6 66. Ra6+ Kg7 67. Ra7+ Rf7 68. Ra6 Kh6 69. Kg3 Kg5 70. Ra4 Rf5 71. Rb4 Ra5 72. Kg2 Ra2+ 73. Kh3 Ra3+ 74. Kg2 h4 75. Rb5+ Kg4 76. Rb4+ Kh5 77. Rb8 g5 78. Rb5 h3+ 79. Kh2 Kh4 80. Rb8 Ra2+ 81. Kg1 Rg2+ 82. Kh1 Rf2 83. Kg1 Kg3 84. Rb3+ Rf3 85. Rb2 h2+ 0-1

[Event "Vlissingen HZ op 20th"]
[Site "Vlissingen"]
[Date "2016.08.07"]
[Round "2"]
[White "Watzlawek, Markus"]
[Black "Sukandar, Irine Kharisma"]
[Result "0-1"]
[WhiteElo "2109"]
[BlackElo "2418"]
[PlyCount "74"]
[EventDate "2016.08.06"]
[EventType "swiss"]
[EventRounds "9"]
[EventCountry "NED"]
[SourceTitle "CBM 173 Extra"]
[Source "ChessBase"]
[SourceDate "2016.08.29"]
[SourceVersion "1"]
[SourceVersionDate "2016.08.29"]
[SourceQuality "1"]

1. d4 d5 2. Nf3 Nc6 3. Bf4 Bg4 4. e3 e6 5. Be2 Bd6 6. Bg3 Nf6 7. c4 0-0 8. Nc3 dxc4 9. Bxc4 Bxg3 10. hxg3 Qe7 11. a3 Rad8 12. Qc2 h6 13. 0-0 e5 14. d5 e4 15. dxc6 exf3 16. cxb7 Qc5 17. Ne2 Be6 18. Nd4 Qxc4 19. Qxc4 Bxc4 20. Rfc1 Bd5 21. Nc6 Bxc6 22. Rxc6 Rd7 23. Rac1 Rb8 24. Rxc7 Rxb7 25. Rxd7 Nxd7 26. gxf3 Rxb2 27. Rc7 Ne5 28. f4 Ng4 29. Rxa7 Rxf2 30. e4 f6 31. a4 Re2 32. Re7 Kf8 33. Re6 Kf7 34. f5 Ne5 35. a5 Rxe4 36. a6 g6 37. Rb6 gxf5 0-1

[Event "Maastricht Limburg op-A 10th"]
[Site "Maastricht"]
[Date "2016.05.14"]
[Round "3"]
[White "Watzlawek, Markus"]
[Black "Bauer, Christian"]
[Result "0-1"]
[WhiteElo "2106"]
[BlackElo "2634"]
[PlyCount "36"]
[EventDate "2016.05.13"]
[EventType "swiss"]
[EventRounds "7"]
[EventCountry "NED"]
[SourceTitle "CBM 172 Extra"]
[Source "ChessBase"]
[SourceDate "2016.06.21"]
[SourceVersion "1"]
[SourceVersionDate "2016.06.21"]
[SourceQuality "1"]

1. d4 d6 2. c4 e5 3. g3 exd4 4. Qxd4 Nc6 5. Qd2 Be6 6. e4 Nf6 7. Nc3 a5 8. b3 Nxe4 9. Nxe4 d5 10. cxd5 Bb4 11. Nc3 Bxd5 12. f3 Qf6 13. Bb2 0-0-0 14. Be2 Rhe8 15. 0-0-0 Bxf3 16. Nxf3 Rxd2 17. Kxd2 Qh6+ 18. Ke1 Qe3 0-1

[Event "Ruhrgebiet Verbandsklasse Gruppe 2 1516"]
[Site "Germany"]
[Date "2015.11.08"]
[Round "3.1"]
[White "Watzlawek, Markus"]
[Black "Quast, Marcel"]
[Result "0-1"]
[WhiteElo "2019"]
[BlackElo "2170"]
[PlyCount "45"]
[EventDate "2015.09.06"]
[EventType "team-tourn"]
[EventRounds "9"]
[EventCountry "GER"]
[SourceTitle "EXT 2022"]
[Source "ChessBase"]
[SourceDate "2021.10.06"]
[SourceVersion "1"]
[SourceVersionDate "2021.10.06"]
[SourceQuality "1"]
[WhiteTeam "Eichlinghofen SV"]
[BlackTeam "Gerthe Werne"]
[WhiteTeamCountry "GER"]
[BlackTeamCountry "GER"]

1. d4 Nf6 2. c4 c5 3. d5 b5 4. Nf3 g6 5. cxb5 a6 6. b6 Qxb6 7. Nc3 d6 8. e4 Bg7 9. Be2 0-0 10. h3 Nbd7 11. 0-0 Bb7 12. Rb1 Qc7 13. Bf4 Nb6 14. Bh2 Rfe8 15. Qc2 e6 16. e5 Nfxd5 17. exd6 Qc6 18. Nxd5 exd5 19. Rfe1 Nd7 20. Bf1 Bf8 21. b4 Rxe1 22. Rxe1 Bxd6 23. Nd4 0-1

[Event "Maastricht Limburg op-A 9th"]
[Site "Maastricht"]
[Date "2015.05.24"]
[Round "5"]
[White "Goudriaan, Etienne"]
[Black "Watzlawek, Markus"]
[Result "1-0"]
[WhiteElo "2372"]
[BlackElo "2107"]
[PlyCount "73"]
[EventDate "2015.05.22"]
[EventType "swiss"]
[EventRounds "7"]
[EventCountry "NED"]
[SourceTitle "CBM 166 Extra"]
[Source "ChessBase"]
[SourceDate "2015.06.18"]
[SourceVersion "1"]
[SourceVersionDate "2015.06.18"]
[SourceQuality "1"]

1. d4 f5 2. Bg5 g6 3. Nc3 Bg7 4. h4 Nc6 5. e3 h6 6. Bf4 e5 7. dxe5 Nxe5 8. Nf3 d6 9. Bxe5 Bxe5 10. Nxe5 dxe5 11. Qxd8+ Kxd8 12. 0-0-0+ Bd7 13. Bc4 Nf6 14. Rd2 Ke7 15. Nd5+ Nxd5 16. Rxd5 e4 17. Rhd1 Rad8 18. b4 Bc8 19. Kb2 Rxd5 20. Rxd5 Rd8 21. Kc3 Rxd5 22. Bxd5 Kd6 23. Kd4 c6 24. Bf7 g5 25. hxg5 hxg5 26. c4 Ke7 27. Bh5 Kf6 28. g4 Be6 29. gxf5 Kxf5 30. Bd1 b5 31. cxb5 cxb5 32. a3 Bc4 33. Bc2 Kg4 34. Bxe4 Be2 35. Bc6 Kh3 36. Ke5 a6 37. Bb7 1-0

[Event "Maastricht Limburg op-A 7th"]
[Site "Maastricht"]
[Date "2013.05.20"]
[Round "6"]
[White "Noiroux, Kevin"]
[Black "Watzlawek, Markus"]
[Result "1-0"]
[WhiteElo "2230"]
[BlackElo "2095"]
[PlyCount "71"]
[EventDate "2013.05.17"]
[EventType "swiss"]
[EventRounds "7"]
[EventCountry "NED"]
[SourceTitle "EXT 2014"]
[Source "ChessBase"]
[SourceDate "2013.11.20"]
[SourceVersion "1"]
[SourceVersionDate "2013.11.20"]
[SourceQuality "1"]

1. d4 f5 2. g3 Nf6 3. Bg2 g6 4. Nh3 Bg7 5. Nf4 Nc6 6. 0-0 0-0 7. c4 d6 8. Nc3 Bd7 9. h4 Ng4 10. e3 e5 11. dxe5 dxe5 12. Nh3 e4 13. Qd5+ Kh8 14. Rd1 Nce5 15. Qxb7 Nd3 16. Nd5 c6 17. Ndf4 Nc5 18. Qb4 Qe7 19. Rxd7 Qxd7 20. Qxc5 Qd1+ 21. Bf1 Ne5 22. Kg2 Nd3 23. Bxd3 exd3 24. Qa5 Rfd8 25. Qd2 Qxd2 26. Bxd2 Bxb2 27. Rb1 Bf6 28. Rb3 Rab8 29. Rxb8 Rxb8 30. Nxd3 Rb1 31. Bb4 Ra1 32. a3 Rd1 33. Nhf4 Bd8 34. Ne5 a5 35. Bc5 Kg7 36. Nxc6 1-0

[Event "Maastricht Limburg op-A 7th"]
[Site "Maastricht"]
[Date "2013.05.20"]
[Round "7"]
[White "Watzlawek, Markus"]
[Black "Mueller, Martin2222"]
[Result "1-0"]
[WhiteElo "2095"]
[BlackElo "2100"]
[PlyCount "39"]
[EventDate "2013.05.17"]
[EventType "swiss"]
[EventRounds "7"]
[EventCountry "NED"]
[SourceTitle "EXT 2014"]
[Source "ChessBase"]
[SourceDate "2013.11.20"]
[SourceVersion "1"]
[SourceVersionDate "2013.11.20"]
[SourceQuality "1"]

1. d4 d5 2. Nf3 c6 3. c4 Nf6 4. Nc3 dxc4 5. a4 e6 6. e3 c5 7. Bxc4 cxd4 8. exd4 Be7 9. 0-0 0-0 10. Qe2 Nc6 11. Rd1 Nd5 12. Ne4 Ncb4 13. Ne5 Bd7 14. Ra3 Rc8 15. Qh5 Nf6 16. Nxf6+ Bxf6 17. Rh3 h6 18. Bxh6 Bxe5 19. Bxg7 f6 20. Qg6 1-0

[Event "Maastricht Limburg op-A 7th"]
[Site "Maastricht"]
[Date "2013.05.17"]
[Round "1"]
[White "Watzlawek, Markus"]
[Black "Mollema, Thomas"]
[Result "1/2-1/2"]
[WhiteElo "2095"]
[BlackElo "1976"]
[PlyCount "140"]
[EventDate "2013.05.17"]
[EventType "swiss"]
[EventRounds "7"]
[EventCountry "NED"]
[SourceTitle "EXT 2014"]
[Source "ChessBase"]
[SourceDate "2013.11.20"]
[SourceVersion "1"]
[SourceVersionDate "2013.11.20"]
[SourceQuality "1"]

1. d4 f5 2. g3 Nf6 3. Bg2 g6 4. c4 Bg7 5. Nc3 0-0 6. Nh3 a5 7. 0-0 d6 8. d5 Na6 9. Rb1 Qe8 10. a3 c5 11. Nf4 Nc7 12. a4 g5 13. Nh3 g4 14. Nf4 Nh5 15. e4 Be5 16. Nxh5 Qxh5 17. f4 Bd4+ 18. Kh1 fxe4 19. Nxe4 Bf5 20. Bd2 Qg6 21. Re1 Ne8 22. Bc3 Nf6 23. Qe2 Bxc3 24. bxc3 Rab8 25. Rb6 Nd7 26. Rb5 b6 27. Nf2 Rf7 28. Be4 h5 29. Bxf5 Qxf5 30. Ne4 h4 31. Ng5 Rf6 32. Qe4 Qxe4+ 33. Rxe4 Re8 34. Rb1 Rh6 35. Kg2 h3+ 36. Kf2 Kf8 37. Re6 Kg7 38. Rbe1 Rxe6 39. Rxe6 Nf8 40. Re4 Kf6 41. Re1 Rb8 42. Ne6 Nd7 43. Nc7 Nf8 44. Nb5 Rb7 45. Na3 e6 46. dxe6 Nxe6 47. Nc2 Nf8 48. Ne3 Rg7 49. Nd5+ Kf5 50. Ne7+ Kf6 51. Nc8 Kg6 52. Re8 Nh7 53. Re6+ Kf5 54. Rxd6 Nf6 55. Rd3 Rd7 56. Rxd7 Nxd7 57. Ke3 Ke6 58. Na7 Nf6 59. Nc6 Kd6 60. Ne5 Ke6 61. Ng6 Ne8 62. Ne5 Nf6 63. Nd3 Ne8 64. Nf2 Nf6 65. Ne4 Ne8 66. Ng5+ Kf5 67. Nf7 Ke6 68. Nd8+ Kd7 69. Nf7 Ke6 70. Ne5 Nf6 1/2-1/2